000 00630nam a2200229Ia 4500
003 OSt
005 20221006164020.0
006 a|||||r|||| 00| 0
007 ta
008 221006b |||||||| |||| 00| 0 eng d
024 _a1,596
037 _cTextual
040 _aFML
_cFML
_beng
041 _2eng
_aeng
082 _aNR44, 44x, N0
100 _aMehta R C Ed.
_9675869
245 0 _aThumari
_b Traditions and Trends Seminar Papers
260 _aBaroda
_bIndian Musicology Society
_c1990
300 _a83
_ccm.
942 _hNR44, 44x, N0
_cTEXL
_2CC
999 _c1115993
_d1115993